Score 0/15 Timer 03:00
0 Plays Today
% Correct
Thing
91.7%
Ski Sign
90.8%
Vain Dad
89.7%
Listen
89.2%
German
88.9%
Murder M
88.4%
For Yules
88%
Sith
87.8%
% Correct
Lenten Gem
87%
His Leg
85.6%
Sliver
85.4%
Downlander
85.2%
Carlo
81.7%
Myra
80.8%
Under Wolf
74.9%
Remove Ads.
Support Sporcle.
Get the best of Sporcle when you Go Orange. This ad-free experience offers more features, more stats, and more fun while also helping to support Sporcle. Thank you for becoming a member.

You're not logged in!

Compare scores with friends on all Sporcle quizzes.
OR
Log In

Show Comments

Extras

Top Quizzes Today


Score Distribution

Your Account Isn't Verified!

In order to create a playlist on Sporcle, you need to verify the email address you used during registration. Go to your Sporcle Settings to finish the process.

Report this User

Report this user for behavior that violates our Community Guidelines.

Details: